000 00758nam a2200217 i 4500
001 14116
003 ES-MaACL
005 20250814075728.0
007 t|
008 981002s1972 uy a |||| | spa d
080 _a331.54(460)"15/16"
100 1 _aSeluja Cecín, Antonio.
_9105348
245 1 4 _aLos oficios en la época de Cervantes /
_cpor Antonio Seluja Cecin.
260 _aMontevideo :
_bUniversidad del Trabajo de Uruguay,
_c1972.
300 _a79 p. :
_bil. ;
_c24 cm.
504 _aBibliografía : p. 77-79.
600 1 4 _aCervantes Saavedra, Miguel de,
_d1547-1616-
_xCrítica e interpretación
_937602
650 1 7 _aOficios-
_zEspaña
_2
_9159708
852 _aES-MaACL
_jL-21482
_z. - Dedicatoria autógrafa del autor
999 _c14116
_d14116